000
00276nam a22001217a 4500
008
170426b xxu||||| |||| 00| 0 eng d
041
_a
eng
080
_a
543
100
_a
12
101
_a
SHM
245
_a
INTRODUCTORY QUALITATIVE ANALYSIS
_c
VOSBURGH, W.C
942
_2
udc
_c
BK
999
_c
12101
_d
12101